[Event "14e Open International de la Reunion"]
[Site "St Denis"]
[Date "2012.10.07"]
[Round "3.34"]
[White "Ringayen, Rose-May"]
[Black "Romain, Juliane"]
[Result "1-0"]
[WhiteElo "1567"]
[BlackElo "1367"]
[PlyCount "115"]
[EventDate "2012.??.??"]

1. e4 e5 2. Nf3 Nc6 3. d4 Nf6 4. Nc3 Bb4 5. Bg5 d6 6. Bb5 O-O 7. Bxc6 bxc6 8.
O-O Bg4 9. dxe5 Bxf3 10. Qxf3 Bxc3 11. bxc3 dxe5 12. Rad1 Qe7 13. Bxf6 Qxf6 14.
Qxf6 gxf6 15. f4 Rab8 16. fxe5 fxe5 17. Rf5 f6 18. Rdf1 Kg7 19. R5f2 Rb2 20.
Ra1 Rb5 21. Rd1 Kg6 22. Rd3 Rb2 23. Rg3+ Kf7 24. Rgf3 Ke6 25. g4 h6 26. h4 Ke7
27. g5 hxg5 28. hxg5 Rg8 29. Rxf6 Rxg5+ 30. Kf1 Kd7 31. Rd2+ Kc8 32. Rf5 Rxf5+
33. exf5 Rb8 34. Rd1 c5 35. f6 c6 36. Re1 Kc7 37. Rxe5 Kb6 38. f7 Rf8 39. Rf5
Kc7 40. Ke2 Kd7 41. Kd3 Ke7 42. Kc4 Kd6 43. a4 a6 44. Rf6+ Ke5 45. Rxc6 Rxf7
46. Kxc5 Rf2 47. Kb6 Rxc2 48. Kxa6 Ke4 49. Kb5 Kd3 50. Rd6+ Ke4 51. a5 Rxc3 52.
a6 Rc8 53. a7 Ke5 54. Rc6 Ra8 55. Kb6 Kd5 56. Rc2 Rf8 57. Kb7 Rf7+ 58. Rc7 1-0

[Event "14e Open International de la Reunion"]
[Site "St Denis"]
[Date "2012.10.07"]
[Round "3.35"]
[White "Francois, Robert"]
[Black "Sandjivy, Mateo"]
[Result "1-0"]
[WhiteElo "1530"]
[BlackElo "1360"]
[PlyCount "95"]
[EventDate "2012.??.??"]

1. Nf3 Nc6 2. c4 e5 3. Nc3 Bc5 4. e3 Qf6 5. Be2 d6 6. Nd5 Qd8 7. d3 Nf6 8.
Nxf6+ Qxf6 9. O-O Be6 10. Qb3 b6 11. Qa4 Bd7 12. Qd1 O-O 13. Nd2 Qg6 14. a3 a5
15. Nb3 Bh3 16. Bf3 f5 17. Bxc6 e4 18. Bd5+ Kh8 19. g3 Bxf1 20. Qxf1 Rac8 21.
d4 Bxd4 22. Nxd4 f4 23. exf4 Qf6 24. Be3 c5 25. Ne6 Rfe8 26. Ng5 Qg6 27. Bf7
Qf5 28. Bxe8 Rxe8 29. Rd1 h6 30. Rd5 Qg6 31. Qh3 Kg8 32. Qd7 hxg5 33. Rxg5 Qf7
34. Qxf7+ Kxf7 35. h4 g6 36. f5 gxf5 37. Rxf5+ Kg7 38. Rd5 Re6 39. Kg2 Kh7 40.
Bf4 Kg7 41. Rxd6 Rxd6 42. Bxd6 Kf6 43. Bc7 Kf5 44. Bxb6 a4 45. Bxc5 Kg4 46. Bb6
Kf5 47. c5 Ke6 48. c6 1-0

[Event "14e Open International de la Reunion"]
[Site "St Denis"]
[Date "2012.10.07"]
[Round "3.36"]
[White "Cazal, Vincent"]
[Black "Singuina, Yvan"]
[Result "0-1"]
[WhiteElo "1490"]
[BlackElo "1350"]
[PlyCount "46"]
[EventDate "2012.??.??"]

1. f4 d5 2. Nf3 Nf6 3. e3 Bf5 4. Bb5+ c6 5. Ba4 a5 6. a3 b5 7. Bb3 e6 8. Nd4
Be4 9. Qe2 h6 10. Nc3 Bh7 11. d3 Bc5 12. Nf3 O-O 13. g4 Nxg4 14. e4 dxe4 15.
dxe4 Nf6 16. e5 Nd5 17. Ne4 Be7 18. Rg1 Bh4+ 19. Kf1 Bf5 20. Qg2 g6 21. Bxd5
Qxd5 22. Nd6 Qd1+ 23. Ne1 Qxe1# 0-1

[Event "14e Open International de la Reunion"]
[Site "St Denis"]
[Date "2012.10.07"]
[Round "3.37"]
[White "Rivolo, Anne-Claire"]
[Black "Le Maguet, Loan"]
[Result "1-0"]
[WhiteElo "1470"]
[BlackElo "1270"]
[PlyCount "129"]
[EventDate "2012.??.??"]

1. e4 e5 2. d4 d6 3. dxe5 dxe5 4. Qxd8+ Kxd8 5. Nf3 Nc6 6. Nc3 Bb4 7. Bd2 Nf6
8. Ng5 Rf8 9. Bd3 Ke7 10. O-O-O Rd8 11. a3 Bxc3 12. Bxc3 Kf8 13. Bc4 Rxd1+ 14.
Rxd1 Be6 15. Bxe6 fxe6 16. Nxe6+ Ke7 17. Nxc7 Rd8 18. f3 Rxd1+ 19. Kxd1 Nh5 20.
g3 Kf6 21. f4 g6 22. fxe5+ Nxe5 23. Nd5+ Ke6 24. Ke2 Ng4 25. Nc7+ Kd7 26. Nd5
Nxh2 27. Kf2 Ng4+ 28. Kg2 a6 29. a4 Kd6 30. Bd4 Kc6 31. Nb4+ Kd6 32. c4 Ne5 33.
c5+ Ke6 34. Nd5 Nf6 35. Nf4+ Kd7 36. Bxe5 Nxe4 37. Nd3 Kc6 38. b4 a5 39. b5+
Kd7 40. Bg7 Ke6 41. c6 bxc6 42. b6 Kd7 43. Ne5+ Kc8 44. Nxc6 Nc5 45. Nxa5 Nxa4
46. b7+ Kb8 47. Be5+ Ka7 48. b8=Q+ Ka6 49. Qa8+ Kb6 50. Bd4+ Nc5 51. Nc4+ Kb5
52. Na3+ Kb4 53. Nc2+ Kb5 54. Qb8+ Kc4 55. Qb4+ Kd5 56. Ne3+ Kc6 57. Qxc5+ Kd7
58. Qe5 Kc6 59. Qd5+ Kc7 60. Be5+ Kb6 61. Nc4+ Ka6 62. Qc6+ Ka7 63. Bd4+ Kb8
64. Na5 h5 65. Qb7# 1-0

[Event "14e Open International de la Reunion"]
[Site "St Denis"]
[Date "2012.10.07"]
[Round "3.38"]
[White "Caro, Vincent"]
[Black "Artigaud, Daniel"]
[Result "0-1"]
[WhiteElo "1280"]
[BlackElo "1430"]
[PlyCount "98"]
[EventDate "2012.??.??"]

1. f4 d5 2. Nf3 Nd7 3. e3 e6 4. b3 Ngf6 5. Bb2 g6 6. Ne5 Bg7 7. d3 O-O 8. Be2
c6 9. O-O Nxe5 10. Bxe5 Qb6 11. Bd4 c5 12. Be5 Nd7 13. Bxg7 Kxg7 14. Kh1 Qd8
15. Rf3 Nf6 16. Rg3 Qe7 17. Bh5 e5 18. Qf3 exf4 19. Rg5 Nxh5 20. Qxh5 fxe3 21.
Qh4 Qf6 22. Nc3 Qxc3 23. Qe1 Qxe1+ 24. Rxe1 d4 25. Rxc5 Bf5 26. g3 Rfe8 27. Rc4
Red8 28. Kg2 Rac8 29. Kf3 Rxc4 30. bxc4 a6 31. Rb1 Rd7 32. g4 Be6 33. h3 h5 34.
a4 hxg4+ 35. hxg4 g5 36. c5 Bd5+ 37. Ke2 Rc7 38. Rb4 Be6 39. Rxd4 Rxc5 40. Kxe3
Rxc2 41. Rb4 Bd7 42. Rd4 Bc6 43. Rc4 Rxc4 44. dxc4 Bxa4 45. c5 Bc6 46. Kd4 Kf6
47. Kd3 Ke5 48. Kc4 Kf4 49. Kb4 Kxg4 0-1

[Event "14e Open International de la Reunion"]
[Site "St Denis"]
[Date "2012.10.08"]
[Round "4.1"]
[White "Seyfried, Claus"]
[Black "Akshat, Khamparia"]
[Result "0-1"]
[WhiteElo "2160"]
[BlackElo "2382"]
[PlyCount "82"]
[EventDate "2012.??.??"]

1. e4 c5 2. c3 d5 3. exd5 Qxd5 4. d4 g6 5. Be3 cxd4 6. Qxd4 Qxd4 7. Bxd4 Nf6 8.
Na3 a6 9. Bxf6 exf6 10. Nc4 Bc5 11. Nf3 O-O 12. Nd4 b5 13. Ne3 Bb7 14. O-O-O f5
15. f3 Nc6 16. Nec2 Ne5 17. Be2 Rfe8 18. Rhe1 h5 19. f4 Ng4 20. Bf3 Be4 21. h3
Nf6 22. h4 Re7 23. Nc6 Rc7 24. N6d4 Rac8 25. a3 Re7 26. g3 Bxf3 27. Nxf3 Ne4
28. Ng5 Bf2 29. Nxe4 fxe4 30. Rf1 Bxg3 31. Ne3 Bxh4 32. Nd5 Re6 33. f5 Rd6 34.
Kc2 Rcd8 35. Ne3 Bg5 36. fxg6 fxg6 37. Rde1 Rd2+ 38. Kb3 Bh4 39. Rd1 Rxd1 40.
Nxd1 Kg7 41. Rh1 Bg3 0-1

[Event "14e Open International de la Reunion"]
[Site "St Denis"]
[Date "2012.10.08"]
[Round "4.2"]
[White "Hecht, Hans-Joachim"]
[Black "Roblet, Charles"]
[Result "1/2-1/2"]
[WhiteElo "2347"]
[BlackElo "2058"]
[PlyCount "48"]
[EventDate "2012.??.??"]

1. d4 Nf6 2. c4 c5 3. d5 b5 4. cxb5 a6 5. bxa6 g6 6. Nc3 Bxa6 7. Nf3 d6 8. e4
Bxf1 9. Kxf1 Bg7 10. g3 O-O 11. Kg2 Nbd7 12. Re1 Ng4 13. Re2 Qb6 14. Bf4 Rfb8
15. Rc1 Rb7 16. b3 Nge5 17. Nxe5 Nxe5 18. Qd2 Qa6 19. Bxe5 Bxe5 20. f4 Bg7 21.
e5 Rb4 22. Rc2 Rd4 23. Qe3 Rd3 24. Qe4 Rd4 1/2-1/2

[Event "14e Open International de la Reunion"]
[Site "St Denis"]
[Date "2012.10.08"]
[Round "4.3"]
[White "Reinhart, Emmanuel"]
[Black "Boos, Olivier"]
[Result "1-0"]
[WhiteElo "2312"]
[BlackElo "2014"]
[PlyCount "66"]
[EventDate "2012.??.??"]

1. e4 e5 2. Nf3 Nc6 3. Bb5 Nd4 4. Ba4 Nxf3+ 5. Qxf3 c6 6. O-O d6 7. c3 Nf6 8.
d4 Qc7 9. Bb3 Be7 10. h3 O-O 11. Nd2 Bd7 12. Re1 Rad8 13. dxe5 dxe5 14. Nf1 Bc8
15. Ng3 Nd7 16. Nf5 Nc5 17. Bc2 Bf6 18. Be3 Ne6 19. Bb3 c5 20. g3 c4 21. Bc2 b5
22. a4 a6 23. axb5 axb5 24. Ra7 Bb7 25. Nh6+ Kh8 26. Ng4 Qe7 27. Nxf6 gxf6 28.
Bh6 Rfe8 29. Rxb7 Qxb7 30. Qxf6+ Kg8 31. Qxe5 Rb8 32. Qf5 Qc8 33. e5 Nf8 1-0

[Event "14e Open International de la Reunion"]
[Site "St Denis"]
[Date "2012.10.08"]
[Round "4.4"]
[White "Hamon, Christian"]
[Black "Letreguilly, Olivier"]
[Result "0-1"]
[WhiteElo "2053"]
[BlackElo "2343"]
[PlyCount "92"]
[EventDate "2012.??.??"]

1. d4 Nf6 2. c4 e6 3. Nf3 d5 4. g3 Bb4+ 5. Bd2 Be7 6. Bg2 O-O 7. O-O c6 8. Qc2
b6 9. Bf4 Bb7 10. Rd1 Nbd7 11. Nc3 a6 12. Ne5 Rc8 13. e4 Bb4 14. Nxd7 Nxd7 15.
Qb3 Bxc3 16. bxc3 dxc4 17. Qxc4 b5 18. Qb4 a5 19. Qb3 Nb6 20. d5 a4 21. Qb4
cxd5 22. exd5 Nxd5 23. Qxb5 Bc6 24. Qa6 Qf6 25. Bd6 Qd8 26. Bxf8 Qxf8 27. Rac1
Qe8 28. c4 Nb4 29. Bxc6 Nxc6 30. Qxa4 Ra8 31. Qb5 Rb8 32. Qc5 e5 33. Rb1 Ra8
34. Rb7 Nd4 35. Qe7 Qxe7 36. Rxe7 f6 37. Rb1 h5 38. Rbb7 Kh7 39. Rxg7+ Kh6 40.
h4 Rxa2 41. Rh7+ Kg6 42. Rbg7+ Kf5 43. Rxh5+ Ke4 44. Kg2 f5 45. Re7 Nf3 46. g4
f4 0-1

[Event "14e Open International de la Reunion"]
[Site "St Denis"]
[Date "2012.10.08"]
[Round "4.5"]
[White "Dijoux, Julien"]
[Black "Rodier, David"]
[Result "1/2-1/2"]
[WhiteElo "1883"]
[BlackElo "2133"]
[PlyCount "71"]
[EventDate "2012.??.??"]

1. d4 Nf6 2. Nf3 e6 3. g3 c5 4. Bg2 Nc6 5. c3 d5 6. O-O Be7 7. Re1 O-O 8. a3 a5
9. Qc2 Qb6 10. e3 Bd7 11. Nbd2 a4 12. Ne5 Rfd8 13. e4 cxd4 14. exd5 Nxe5 15.
Rxe5 d3 16. Qxd3 Ng4 17. Re2 exd5 18. Bxd5 Be6 19. c4 Nf6 20. Ne4 Nxd5 21. cxd5
Rxd5 22. Qc2 Rc8 23. Qxa4 h6 24. Be3 Qd8 25. Nc3 Rd3 26. Qc2 Bh3 27. Rd2 Rxd2
28. Qxd2 Qc7 29. Rd1 Bf6 30. Nd5 Qc6 31. Nxf6+ Qxf6 32. Qd4 Qf3 33. Qd5 Qe2 34.
Qd3 Qf3 35. Qd5 Qe2 36. Qd3 1/2-1/2

[Event "14e Open International de la Reunion"]
[Site "St Denis"]
[Date "2012.10.08"]
[Round "4.6"]
[White "Meier, Kurt"]
[Black "Chan-Kai-Hou, Fabrice"]
[Result "1-0"]
[WhiteElo "1960"]
[BlackElo "1954"]
[PlyCount "47"]
[EventDate "2012.??.??"]

1. e4 c5 2. Nf3 d6 3. d4 cxd4 4. Nxd4 Nf6 5. Nc3 a6 6. Be3 e6 7. f3 b5 8. Qd2
Nbd7 9. g4 Nb6 10. a3 Bb7 11. O-O-O Rc8 12. h4 Nc4 13. Bxc4 Rxc4 14. h5 Qc7 15.
g5 Nd7 16. g6 d5 17. exd5 exd5 18. Bf4 Bd6 19. Bxd6 Qxd6 20. Rhe1+ Kf8 21. gxf7
Kxf7 22. Nf5 Qf4 23. Qxf4 Rxf4 24. Nd6+ 1-0

[Event "14e Open International de la Reunion"]
[Site "St Denis"]
[Date "2012.10.08"]
[Round "4.7"]
[White "Haanshuus, Aslak"]
[Black "Rakotomaharo, Fy Antenaina"]
[Result "0-1"]
[WhiteElo "2059"]
[BlackElo "1995"]
[PlyCount "99"]
[EventDate "2012.??.??"]

1. d4 d5 2. Nf3 c5 3. e3 Nc6 4. dxc5 Nf6 5. c4 e6 6. a3 Ne4 7. b4 Qf6 8. Ra2
dxc4 9. Qe2 Ng5 10. Nxg5 Qxg5 11. f3 a5 12. b5 Na7 13. Qxc4 Bd7 14. Nc3 Qxc5
15. Qxc5 Bxc5 16. Na4 Rc8 17. Nc3 e5 18. Bd2 b6 19. a4 Be6 20. Ra1 Bb4 21. Ne4
Bxd2+ 22. Kxd2 Ke7 23. Bd3 Rhd8 24. Rhc1 f5 25. Nf2 Bc4 26. Ke2 Rxd3 27. Nxd3
e4 28. Rc3 Bxd3+ 29. Kd2 Rxc3 30. Kxc3 Nc8 31. Rc1 Kd6 32. Kd4 Ne7 33. f4 Be2
34. g3 Bh5 35. Kc4 Bf7+ 36. Kc3 Kc5 37. Kb2+ Bc4 38. Ka3 Nd5 39. Re1 Nb4 40.
Rc1 Kd5 41. h3 h5 42. Rc3 g6 43. Kb2 Kc5 44. Ka3 Nd5 45. Rc2 Nxe3 46. Rc1 Kd4
47. Kb2 Kd3 48. Rg1 Kd2 49. Rh1 Nd1+ 50. Ka3 0-1

[Event "14e Open International de la Reunion"]
[Site "St Denis"]
[Date "2012.10.08"]
[Round "4.8"]
[White "Jotee, Ashvin"]
[Black "Ranaivoharisoa, Alain"]
[Result "0-1"]
[WhiteElo "1799"]
[BlackElo "2175"]
[PlyCount "66"]
[EventDate "2012.??.??"]

1. c4 Nf6 2. Nf3 e6 3. Nc3 c5 4. d4 cxd4 5. Nxd4 a6 6. g3 Qc7 7. Qb3 Bc5 8. e3
Nc6 9. Qd1 Ne5 10. Be2 Be7 11. Qb3 d6 12. O-O Bd7 13. Nf3 Bc6 14. Nxe5 dxe5 15.
Qc2 h5 16. e4 Bc5 17. Bf3 h4 18. Kg2 Bd4 19. Re1 O-O-O 20. Bg5 hxg3 21. hxg3
Rh7 22. Bxf6 gxf6 23. Rh1 Rdh8 24. Rxh7 Rxh7 25. Rh1 Rxh1 26. Kxh1 f5 27. Kg2
Bxc3 28. bxc3 fxe4 29. Bxe4 f5 30. Bf3 Bxf3+ 31. Kxf3 Qc6+ 32. Ke3 Qxc4 33. Qd2
Qe4# 0-1

[Event "14e Open International de la Reunion"]
[Site "St Denis"]
[Date "2012.10.08"]
[Round "4.9"]
[White "Olivier, Tom"]
[Black "Ramasindraibe, Girard"]
[Result "0-1"]
[WhiteElo "1760"]
[BlackElo "1982"]
[PlyCount "108"]
[EventDate "2012.??.??"]

1. d4 e6 2. c4 Nf6 3. Nc3 d5 4. Nf3 Be7 5. Bg5 O-O 6. e3 Nbd7 7. Bd3 c5 8. cxd5
exd5 9. O-O Re8 10. h3 a6 11. Bc2 c4 12. a4 Qa5 13. Qe2 Bb4 14. Na2 Bd6 15. Nc3
Qc7 16. Bh4 b6 17. Nd2 Bb7 18. Qf3 Bc6 19. e4 dxe4 20. Ndxe4 Nxe4 21. Bxe4 Bxe4
22. Nxe4 Bh2+ 23. Kh1 Qf4 24. Qxf4 Bxf4 25. Nc3 f6 26. Rad1 Rab8 27. Rfe1 Kf7
28. Nd5 Bd6 29. Bg3 Bxg3 30. fxg3 f5 31. Kg1 b5 32. a5 Nf6 33. Nc7 Rec8 34.
Nxa6 Ra8 35. Nc5 Rxa5 36. Nb7 Ra6 37. Re5 Rb6 38. Rxb5 Rxb5 39. Nd6+ Ke6 40.
Nxb5 Rb8 41. Na3 Kd5 42. Rc1 Rb4 43. Nc2 Rb3 44. Na3 Rb4 45. Nc2 Rxb2 46. Ne3+
Kxd4 47. Nxc4 Ra2 48. Nd6 g6 49. Rc7 Ne4 50. Nb5+ Ke3 51. Nc3 Ra1+ 52. Kh2 Nf2
53. g4 f4 54. g3 Kf3 0-1

[Event "14e Open International de la Reunion"]
[Site "St Denis"]
[Date "2012.10.08"]
[Round "4.10"]
[White "Desire, Michael"]
[Black "Linder, Oliver"]
[Result "0-1"]
[WhiteElo "1780"]
[BlackElo "1980"]
[PlyCount "146"]
[EventDate "2012.??.??"]

1. d4 e6 2. c4 Bb4+ 3. Nc3 b6 4. e4 Bb7 5. Bd3 c5 6. dxc5 Bxc5 7. Qg4 Qf6 8.
Nh3 h5 9. Qe2 Qe7 10. Nf4 h4 11. e5 Nc6 12. Nb5 O-O-O 13. Be4 a6 14. Nc3 Nh6
15. Bd2 Rdg8 16. O-O-O g5 17. Nh5 Nf5 18. Nf6 Nfd4 19. Qe1 Rg7 20. Na4 Kb8 21.
Bc3 Nxe5 22. Bxb7 Qxf6 23. Bxd4 Qf4+ 24. Qe3 Bxd4 25. Rxd4 Qxe3+ 26. fxe3 Kxb7
27. b3 f5 28. Rd6 Nc6 29. Rhd1 Rhh7 30. c5 b5 31. Nb6 Kc7 32. a3 a5 33. Kc2 g4
34. Kc3 Ne5 35. Na8+ Kb7 36. Nb6 Re7 37. a4 b4+ 38. Kd4 Nf7 39. Rxd7+ Rxd7+ 40.
Nxd7 h3 41. g3 Kc7 42. Kc4 Ng5 43. Ne5 Ne4 44. c6 Nd6+ 45. Kc5 Ne4+ 46. Kc4
Nd6+ 47. Kd4 Ne4 48. Nxg4 Kxc6 49. Ne5+ Kb6 50. Nc4+ Ka6 51. Ke5 Re7 52. Rd8
Nc5 53. Rd6+ Ka7 54. Nxa5 Nd7+ 55. Kd4 e5+ 56. Kc4 Rh7 57. Kxb4 f4 58. exf4
exf4 59. gxf4 Nb6 60. Nc6+ Kb7 61. a5 Kc7 62. Rg6 Nd5+ 63. Kc4 Nxf4 64. Rf6 Rh4
65. a6 Nh5+ 66. Kb5 Nxf6 67. a7 Kb7 68. Kc5 Nd7+ 69. Kd6 Nb6 70. Nd8+ Kxa7 71.
Nc6+ Ka6 72. b4 Kb5 73. Kc7 Rh7+ 0-1

[Event "14e Open International de la Reunion"]
[Site "St Denis"]
[Date "2012.10.08"]
[Round "4.11"]
[White "Herrero, Alain"]
[Black "Rabe Andrianandrasan, Haingo"]
[Result "0-1"]
[WhiteElo "1726"]
[BlackElo "1978"]
[PlyCount "124"]
[EventDate "2012.??.??"]

1. d4 d5 2. c4 c6 3. Nf3 Nf6 4. Nc3 e6 5. e3 Bb4 6. Qc2 O-O 7. Bd3 dxc4 8. Bxc4
Nbd7 9. O-O Qc7 10. e4 e5 11. a3 Bd6 12. h3 exd4 13. Nxd4 Ne5 14. Be2 Bc5 15.
Be3 Bd7 16. Ne6 Bxe6 17. Bxc5 Rfd8 18. Be3 Nc4 19. Bxc4 Bxc4 20. Rfd1 Rd7 21.
Rxd7 Nxd7 22. f4 Re8 23. Re1 f6 24. Qf2 b6 25. Bd4 c5 26. Be3 Qc6 27. Bd2 b5
28. Kh2 Bd3 29. Qf3 c4 30. Nd5 g6 31. e5 Kf7 32. Bc3 f5 33. Nb4 Qxf3 34. gxf3
Nc5 35. Bd4 Rc8 36. Kg3 a5 37. Nd5 Rd8 38. Bxc5 Rxd5 39. Bd6 Ke6 40. h4 Bc2 41.
Re2 Bd1 42. Rf2 Rd3 43. Kg2 Rb3 44. Bc5 b4 45. axb4 axb4 46. Rd2 Bxf3+ 47. Kf2
Bd5 48. Be3 c3 49. bxc3 Rxc3 50. Ke2 b3 51. Rb2 Bc4+ 52. Kd2 Rd3+ 53. Ke2 Kd5
54. Kf3 Rd1 55. Bf2 h5 56. Be3 Rh1 57. Rd2+ Ke6 58. Rd6+ Kf7 59. Bd4 Be6 60.
Kg3 Rd1 61. Kf2 Rd2+ 62. Kg3 Ke7 0-1

[Event "14e Open International de la Reunion"]
[Site "St Denis"]
[Date "2012.10.08"]
[Round "4.12"]
[White "Koch, Alain"]
[Black "Bah, Ismael"]
[Result "1-0"]
[WhiteElo "1951"]
[BlackElo "1768"]
[PlyCount "128"]
[EventDate "2012.??.??"]

1. e4 c6 2. d4 d5 3. exd5 cxd5 4. Nf3 Nc6 5. c3 Nf6 6. Bb5 a6 7. Ba4 b5 8. Bb3
Bf5 9. O-O e6 10. Bf4 Bd6 11. Bxd6 Qxd6 12. Nbd2 h6 13. a3 O-O 14. Re1 Rac8 15.
Rc1 Rc7 16. h3 Rfc8 17. Bc2 Bxc2 18. Rxc2 Na5 19. Ne5 Nc6 20. Ndf3 Ne4 21. Nxc6
Rxc6 22. Ne5 R6c7 23. Qe2 Nf6 24. g4 Nd7 25. Nd3 Rc4 26. Qe3 Qb6 27. Rce2 Qd8
28. Qg3 R4c6 29. h4 Qf6 30. Re3 Qg6 31. h5 Qg5 32. f4 Qd8 33. g5 hxg5 34. fxg5
Qc7 35. Qg4 f5 36. gxf6 Nxf6 37. Qg6 Ne4 38. Ne5 Rf8 39. Rf1 Rxf1+ 40. Kxf1 Rb6
41. Kg2 Qe7 42. h6 Qg5+ 43. Qxg5 Nxg5 44. hxg7 Kxg7 45. Rg3 Kh6 46. Kf1 a5 47.
Nd3 Ne4 48. Rg2 Rb8 49. Ke2 Ng5 50. Kd1 Rf8 51. Kc2 Rc8 52. Kb3 Ne4 53. Ne5 Ng5
54. a4 bxa4+ 55. Kxa4 Ra8 56. Nc6 Ne4 57. Nxa5 Nd6 58. b4 Nc4 59. Kb5 Rc8 60.
Nxc4 dxc4 61. Re2 Rb8+ 62. Kxc4 Rc8+ 63. Kd3 Rd8 64. Rxe6+ Kg5 1-0

[Event "14e Open International de la Reunion"]
[Site "St Denis"]
[Date "2012.10.08"]
[Round "4.13"]
[White "Folio, Cedric"]
[Black "Ratsimikatry, Caryl Patrick"]
[Result "0-1"]
[WhiteElo "1700"]
[BlackElo "1924"]
[PlyCount "118"]
[EventDate "2012.??.??"]

1. d4 Nf6 2. Nf3 e6 3. c4 Bb4+ 4. Nc3 O-O 5. Bg5 h6 6. Bd2 Bxc3 7. Bxc3 Nc6 8.
e3 Ne4 9. Bd2 Nxd2 10. Nxd2 d6 11. Bd3 e5 12. Nb3 exd4 13. e4 Qg5 14. Bf1 Re8
15. f3 Be6 16. Qd2 Qxd2+ 17. Kxd2 Ne5 18. Rc1 c5 19. Rc2 a6 20. Nc1 Reb8 21. b3
b5 22. cxb5 axb5 23. h3 c4 24. f4 d3 25. Nxd3 Nxd3 26. Bxd3 cxd3 27. Kxd3 b4
28. Rd1 d5 29. f5 dxe4+ 30. Kxe4 Bc8 31. Rd8+ Kh7 32. Kf4 Ba6 33. Rd7 Rb7 34.
Rd6 Bb5 35. g4 Re8 36. Rd5 Bf1 37. h4 Re2 38. Rc8 Rbe7 39. Rdd8 g5+ 40. hxg5
R7e4+ 41. Kg3 hxg5 42. Rh8+ Kg7 43. Rcg8+ Kf6 44. Rh6+ Ke7 45. Rxg5 Rxa2 46.
Rb6 Re3+ 47. Kf4 Rxb3 48. f6+ Kd7 49. Rg7 Bc4 50. Rb8 Rb1 51. g5 Rf1+ 52. Ke5
Re2+ 53. Kd4 Rf4+ 54. Kc5 Be6 55. g6 Re5+ 56. Kb6 Rxf6 57. Rgg8 Bc4+ 58. Ka7
Ra5+ 59. Kb7 Bd5# 0-1

[Event "14e Open International de la Reunion"]
[Site "St Denis"]
[Date "2012.10.08"]
[Round "4.14"]
[White "Calmels, Nicolas"]
[Black "Vitry, Patrick"]
[Result "1-0"]
[WhiteElo "1899"]
[BlackElo "1750"]
[PlyCount "121"]
[EventDate "2012.??.??"]

1. e4 e5 2. d4 exd4 3. Qxd4 Nc6 4. Qe3 d6 5. Bd2 Nf6 6. f3 Be6 7. a3 a6 8. g4
h6 9. Nc3 Ne5 10. O-O-O Qd7 11. Be1 Qc6 12. h3 Nc4 13. Qd4 Nb6 14. f4 O-O-O 15.
Rh2 Be7 16. f5 Bd7 17. Bf2 Rhe8 18. b4 Bf8 19. Bd3 d5 20. b5 Bxa3+ 21. Kb1 axb5
22. Nxb5 Qc5 23. Qxc5 Bxc5 24. Bxc5 dxe4 25. Be2 Nbd5 26. Kb2 Nf4 27. Nc3 Bc6
28. Ra1 b6 29. Ba6+ Bb7 30. Be3 N6d5 31. Bxf4 Nxf4 32. Rf2 Nd5 33. Nxd5 Rxd5
34. Bc4 Rd7 35. Re2 Red8 36. Re3 Rd2 37. Bxf7 Rh2 38. Be6+ Kb8 39. Bb3 Rd3 40.
Rae1 Rg2 41. Rxd3 exd3 42. Kc3 dxc2 43. Bxc2 Rg3+ 44. Kd4 Bg2 45. Re3 Rxe3 46.
Kxe3 c5 47. Bd3 Kc7 48. h4 Kd6 49. Ne2 Ke5 50. Nf4 Bd5 51. Ng6+ Kf6 52. Kf4 c4
53. Bxc4 Bxc4 54. g5+ hxg5+ 55. hxg5+ Kf7 56. Ne5+ Ke7 57. Nxc4 b5 58. Ne5 Kd6
59. Ke4 b4 60. Nc4+ Ke7 61. Kd3 1-0

[Event "14e Open International de la Reunion"]
[Site "St Denis"]
[Date "2012.10.08"]
[Round "4.15"]
[White "Nassau, Pierre-Alexandre"]
[Black "Rajaonson, Andriamahenina"]
[Result "0-1"]
[WhiteElo "1675"]
[BlackElo "1897"]
[PlyCount "68"]
[EventDate "2012.??.??"]

1. e4 e6 2. d4 d5 3. e5 c5 4. c3 Nc6 5. Nf3 Qb6 6. a3 Nge7 7. Be2 cxd4 8. cxd4
Nf5 9. O-O Nfxd4 10. Nc3 Nxf3+ 11. Bxf3 Be7 12. b4 O-O 13. Re1 Qc7 14. Bb2 a6
15. Rc1 Qd8 16. Bg4 Bg5 17. Rc2 Bd7 18. Ne2 Rc8 19. f4 Bh4 20. Rf1 a5 21. f5
axb4 22. axb4 Qb6+ 23. Kh1 Qxb4 24. Rf4 Qe1+ 25. Ng1 Qxd1 26. Bxd1 Bg5 27. Rg4
Be3 28. f6 g6 29. Nf3 Na5 30. Re2 Bc1 31. Ba1 Rc4 32. Rg3 Bf4 33. Bb2 Bxg3 34.
hxg3 Ba4 0-1

[Event "14e Open International de la Reunion"]
[Site "St Denis"]
[Date "2012.10.08"]
[Round "4.16"]
[White "Andriandaza, Tombo Omar"]
[Black "Caron, Jean-Marie"]
[Result "1-0"]
[WhiteElo "1567"]
[BlackElo "1872"]
[PlyCount "47"]
[EventDate "2012.??.??"]

1. e4 e6 2. d4 d5 3. Bd3 Nf6 4. f3 dxe4 5. fxe4 Nxe4 6. Nf3 Nf6 7. O-O Be7 8.
c3 Nbd7 9. Ng5 Nf8 10. Qf3 Qd5 11. Be4 Nxe4 12. Qxf7+ Kd8 13. Qxg7 Nxg5 14.
Bxg5 Qxg5 15. Qxh8 Kd7 16. Na3 Ng6 17. Qxh7 b6 18. Rae1 Bb7 19. Qh3 Nf4 20.
Rxf4 Re8 21. Qxe6+ Kd8 22. Qg4 Qd5 23. c4 Qa5 24. Qg3 1-0

[Event "14e Open International de la Reunion"]
[Site "St Denis"]
[Date "2012.10.08"]
[Round "4.17"]
[White "Dalleau, Philippe"]
[Black "Lecaille, Max"]
[Result "1-0"]
[WhiteElo "1846"]
[BlackElo "1545"]
[PlyCount "83"]
[EventDate "2012.??.??"]

1. Nf3 d5 2. c4 Nf6 3. g3 Nc6 4. cxd5 Nxd5 5. Bg2 e5 6. d3 Bc5 7. O-O Be6 8. a3
a5 9. Qc2 Be7 10. b3 Bf6 11. Bb2 e4 12. dxe4 Bxb2 13. Qxb2 Nb6 14. Qxg7 Rf8 15.
Qb2 Qe7 16. Rd1 Nd7 17. Nc3 O-O-O 18. Nd5 Qc5 19. Rac1 Qb5 20. Nd4 Nxd4 21.
Qxd4 Bxd5 22. exd5 Qxb3 23. d6 c6 24. Qa7 Qb6 25. Qa8+ Nb8 26. Bh3+ f5 27. e4
Kd7 28. Rb1 Na6 29. Qxb7+ Qxb7 30. Rxb7+ Kc8 31. Rb6 Nb8 32. Bxf5+ Rxf5 33.
exf5 Kd7 34. Rb7+ Kc8 35. Rxh7 Nd7 36. Rc1 Kb7 37. Rb1+ Kc8 38. f4 c5 39. g4 c4
40. g5 Rf8 41. f6 Kd8 42. Kf2 1-0

[Event "14e Open International de la Reunion"]
[Site "St Denis"]
[Date "2012.10.08"]
[Round "4.18"]
[White "Cochard, Franck-Olivier"]
[Black "Payet, Jean-Claude"]
[Result "0-1"]
[WhiteElo "1554"]
[BlackElo "1829"]
[PlyCount "41"]
[EventDate "2012.??.??"]

1. Nf3 g6 2. c4 Bg7 3. Nc3 d6 4. d4 Nf6 5. g3 O-O 6. Bg2 Nbd7 7. Bf4 c5 8. O-O
cxd4 9. Nxd4 e5 10. Bxe5 dxe5 11. Nf3 Qc7 12. Nb5 Qxc4 13. Nd6 Qd5 14. Qxd5
Nxd5 15. Nxe5 Bxe5 16. Nxc8 Raxc8 17. Bxd5 Rc2 18. Bxb7 Rb8 19. Ba6 Nc5 20. Bd3
Nxd3 21. exd3 0-1

[Event "14e Open International de la Reunion"]
[Site "St Denis"]
[Date "2012.10.08"]
[Round "4.19"]
[White "Strate, Wolfgang"]
[Black "Genne, Rene"]
[Result "1/2-1/2"]
[WhiteElo "1689"]
[BlackElo "1795"]
[PlyCount "34"]
[EventDate "2012.??.??"]

1. d4 d5 2. e4 e6 3. Nc3 Bb4 4. e5 Ne7 5. Nf3 O-O 6. Bd2 a6 7. a3 Ba5 8. Bd3 h6
9. O-O Bb6 10. Ne2 Nd7 11. Rc1 c5 12. c3 c4 13. Bb1 Bc7 14. Qc2 f5 15. Nf4 Nb6
16. Rce1 Qe8 17. Bc1 Ng6 1/2-1/2

[Event "14e Open International de la Reunion"]
[Site "St Denis"]
[Date "2012.10.08"]
[Round "4.20"]
[White "Denis, Valentin"]
[Black "Mablouke, Ulrich"]
[Result "0-1"]
[WhiteElo "1498"]
[BlackElo "1785"]
[PlyCount "38"]
[EventDate "2012.??.??"]

1. e4 e6 2. d4 d5 3. e5 c5 4. c3 Qb6 5. Nf3 Nc6 6. Be2 Nh6 7. a4 cxd4 8. cxd4
Bb4+ 9. Nc3 Nf5 10. Bb5 O-O 11. Bxc6 bxc6 12. O-O Ba6 13. Re1 c5 14. Be3 cxd4
15. Bxd4 Nxd4 16. Nxd4 Bc5 17. a5 Qxb2 18. Nb3 Bxf2+ 19. Kh1 Bxe1 0-1

[Event "14e Open International de la Reunion"]
[Site "St Denis"]
[Date "2012.10.08"]
[Round "4.21"]
[White "Chan-Faye, Yoann"]
[Black "Lecoro, Sylvain"]
[Result "0-1"]
[WhiteElo "1532"]
[BlackElo "1713"]
[PlyCount "60"]
[EventDate "2012.??.??"]

1. e4 e6 2. d4 d5 3. exd5 exd5 4. c4 c6 5. Qb3 Bd6 6. Bd3 Ne7 7. Nc3 Bf5 8.
Bxf5 Nxf5 9. Qxb7 Nxd4 10. Qxa8 Qc7 11. cxd5 c5 12. Ne4 Qe7 13. f3 O-O 14. Kd1
Na6 15. Qxf8+ Kxf8 16. Be3 Qe5 17. Ne2 Qxd5 18. N2c3 Qe6 19. Re1 Qg6 20. Bxd4
cxd4 21. Nb5 Bb4 22. Re2 Qb6 23. Rc1 g6 24. a4 d3 25. Rf2 Qe6 26. Nbc3 f5 27.
Ng3 Nc5 28. Rf1 Qb3+ 29. Kd2 Qxb2+ 30. Ke3 Bxc3 0-1